000 01333nam a2200409 i 4500
001 7728
003 KOSZ 005
005 20221117125743.0
008 020904s1977 pl a f |000 0 pol
015 _aPB 1977/10406
040 _aWA N
_cWA N
_dKOSZ 005/HR
041 0 _apol
046 _k1977
080 _a005.2
080 _a330.342.15
080 _a519.87
100 1 _aKoźmiński, Andrzej Krzysztof
_d(1941- )
_eAutor
245 1 0 _aZarządzanie :
_banaliza systemowa procesów i struktur /
_cAndrzej K. Koźmiński.
250 _aWyd. 2.
260 _aWarszawa :
_bPaństwowe Wydawnictwo Ekonomiczne,
_c1977.
300 _a204 s., [1] k. tabl. :
_bil., tab. ;
_c20 cm.
336 _2rdacontent
_aTekst
_btxt
337 _2rdamedia
_aBez urządzenia pośredniczącego
_bn
338 _2rdacarrier
_aWolumin
_bnc
380 _aKsiążki
388 _a1901-2000
388 _a1945-1989
504 _aBibliogr.
650 4 _aAnaliza systemowa
650 4 _aGospodarka socjalistyczna
650 4 _aZarządzanie
658 _aGospodarka, ekonomia, finanse
658 _aZarządzanie i marketing
710 2 _aPolskie Wydawnictwo Ekonomiczne
_4pbl.
856 _uhttp://koha.tu.koszalin.pl/cgi-bin/koha/opac-detail.pl?biblionumber=7728
_yKatalog online BPK
942 _2UKD
_cKS
999 _c7728
_d7728